000 00641nam a22002057a 4500
003 OSt
005 20250625042702.0
008 250625b |||||||| |||| 00| 0 eng d
020 _a971-0324-93-4
040 _aDWCL - Main lib
_cOC
082 _aRs. 651.75 G943 2004
245 _aA guide in business correspondence/
260 _aQuezon City :
_bAmos book ;
_cc2004
300 _a143 pages :
_b illustrations;
_c14cm.
504 _aIncludes bibliographical references
650 _a1. Commercial correspondence
650 _a2. English Language -- Business English
650 _a3. Letter writing
942 _2ddc
_cBK-0 CIRC
_kRs.
_n0
999 _c3270
_d3270